| 000 | 00560nam a22002052 4500 | ||
|---|---|---|---|
| 001 | 0000018650 | ||
| 005 | 20151217154420.0 | ||
| 008 | 100224s xx 000 0 eng d | ||
| 020 | _a0706974247 : | ||
| 040 |
_aKABU _cKABU |
||
| 100 | 1 |
_aKumar, Krishan. _@0000157558 |
|
| 245 | 1 | 0 |
_aLibrary manual / _cKrishan Kumar. |
| 250 | _a1st ed. | ||
| 260 |
_aNew Delhi : _bVikas, _c1991. |
||
| 300 | _axii, 386 p. | ||
| 650 | 0 |
_aLibrary science. _@0000156588 |
|
| 852 | 1 | _9p790 KES | |
| 908 | _a100224 | ||
| 950 | _@1 | ||
| 999 |
_c11156 _d11156 |
||